00733 a2200169 450000500170000000800410001702000110005804000500006904100080011911000280012724501530015526000860030830000250039465000680041965000350048765000410052220150826080919.0150826s2014 ck d fr|||| 000 0 spa d a187973 aCO-BoUCMbspacSandra PalaciodSandra Palacio0 aspa1 aDefensoría del Pueblo1 aIndicadores para el monitoreo, advertencia y prevención del reclutamiento y utilización niños, niñas y adolescentescDefensoría del Pueblo c2015bDefensoría del PueblobImprenta Nacional de ColombiaaBogotá (Colombia) a42 páginasbtablas 7aRiesgo (Psicología) vGrupos armadosxReclutamientozColombia 7aDerechos del niño zColombia 7aGuerrillas xReclutamientozColombia